Tom Brady Quiz - Statistics

General Stats
  • This quiz has been taken 1,138 times
  • The average score is 7 of 9
Answer Stats
Question Answer % Correct
What Team Does He Play For? Patriots
97%
What College Did He Go To? Michigan
94%
How Many Super Bowls Has He Won? 4
92%
Is He The Leader In Wins? Yes
92%
Is He The Leader In Touchdown Passes? No
91%
Where Was Tom Brady Born? California
67%
Who Did Tom Brady Replace? Drew Bledsoe
67%
What Coach Does He Play For? Bill Belichick
61%
What Is Tom Brady's Middle Name? Edward
56%
No matching quizzes found
Score Distribution
Percent of People with Each Score
Percentile by Number Answered
Your Score History
You have not taken this quiz